[Event "HAWAII  2"]
[Site "www.echecsemail.com"]
[Date "2026.01.23"]
[Round "1"]
[White "Brettsinclair"]
[Black "Casisimed"]
[WhiteElo "1890"]
[BlackElo "1600"]
[Result "1-0"]
1.e4 e5
2.Ng1f3 Nb8c6
3.Bf1b5 a6
4.Bb5a4 b5
5.Ba4b3 Ng8f6
6.a4 Bf8b4
7.Qd1e2 Bc8b7
8.c3 Bb4c5
9.d3 b4
10.O-O bxc3
11.Nb1xc3 Nc6d4
12.Nf3xd4 Bc5xd4
13.Nc3d5 Nf6xd5
14.exd5 d6
15.Bc1e3 O-O
16.Be3xd4 exd4
17.Ra1c1 Rf8e8
18.Qe2f3 Qd8e7
19.Rc1c2 Ra8c8
20.h3 c5
21.Rc2d2 Qe7e5
22.a5 Qe5g5
23.Rd2e2 Kf8
24.Rf1e1 Re8xe2
25.Re1xe2 Rc8e8
26.Re2xe8 Kxe8
27.Qf3e4 Qg5e7
28.Qe4xh7 Qe7e1
29.Kh2 Qe1e5
30.g3 Bb7xd5
31.Bb3a4 Ke7
32.Qh7g8 f5
33.Qg8e8 Kf6
34.Qe8d8 Qe5e7
35.Qd8b6 g5
36.Qb6xa6 g4
37.h4 Qe7e5
38.Qa6b6 f4
39.Qb6d8 Kf5
40.Qd8g5 Ke6
41.Qg5xg4 Kf6
42.h5 fxg3
43.fxg3 Qe5g5
44.Qg4f4 Qg5xf4
45.gxf4 Bd5g8
46.Kg3 d5
47.a6 c4
48.a7 c3
49.bxc3 { abandon }1-0

[Event "Défi( 10J+24H/c 10J Max )"]
[Site "www.echecsemail.com"]
[Date "2026.01.23"]
[Round "1"]
[White "Skalfa"]
[Black "Tunnellavage"]
[WhiteElo "1870"]
[BlackElo "1760"]
[Result "1-0"]
1.e4 e5
2.Ng1f3 Nb8c6
3.Nb1c3 Ng8f6
4.Bf1c4 Bf8c5
5.h3 h6
6.d3 a6
7.a3 d6
8.O-O Bc8e6
9.Bc4xe6 fxe6
10.Nc3e2 Qd8e7
11.b4 Bc5a7
12.c4 O-O-O
13.Ne2g3 Qe7f7
14.Qd1c2 Nf6h5
15.Ng3xh5 Qf7xh5
16.Kh2 Rd8f8
17.Qc2d1 Rf8f6
18.g4 Qh5f7
19.Nf3h4 g5
20.Nh4g2 Nc6d4
21.Bc1e3 c6
22.Ra1c1 Rh8f8
23.c5 Nd4f3
24.Kh1 dxc5
25.bxc5 Ba7b8
26.Rc1c2 Qf7c7
27.Ng2e1 Nf3d4
28.Rc2b2 Qc7e7
29.Qd1c1 Bb8a7
30.Be3xd4 exd4
31.e5 Ba7b8
32.exf6 { abandon }1-0

[Event "Coupe Niveau 5"]
[Site "www.echecsemail.com"]
[Date "2026.01.23"]
[Round "1"]
[White "Bjl"]
[Black "Nicodemouscron"]
[WhiteElo "2070"]
[BlackElo "2100"]
[Result "1/2-1/2"]
1.c4 Ng8f6
2.Nb1c3 e6
3.e4 d6
4.Ng1f3 c5
5.d4 cxd4
6.Nf3xd4 Nb8c6
7.Bc1e3 Bf8e7
8.Bf1e2 O-O
9.O-O a6
10.Qd1d2 d5
11.exd5 exd5
12.cxd5 Nc6b4
13.Rf1d1 Nb4xd5
14.Be3g5 Nd5xc3
15.bxc3 Qd8c7
16.Be2f3 Bc8d7
17.Ra1b1 Ra8b8
18.Nd4b3 Bd7f5
19.Bg5f4 Qc7b6
20.Bf4xb8 Bf5xb1
21.Bb8f4 Bb1f5
22.Nb3d4 Rf8d8
23.Qd2e2 Bf5e6
24.Nd4xe6 Rd8xd1
25.Qe2xd1 Qb6xe6
26.Bf3xb7 Qe6xa2
27.g3 h6
28.h4 Be7c5
29.Qd1d8 Kh7
30.Qd8d3 g6
31.Qd3f1 Nf6g4
32.Bf4e3 Ng4xe3
33.fxe3 Bc5xe3
34.Kh1 a5
35.c4 Kg7
36.Bb7d5 f6
37.Qf1f3 Qa2f2
38.Qf3xf2 Be3xf2
39.Kg2 Bf2c5
40.Bd5c6 Kf7
41.Kf3 Ke6
42.Ke4 f5
43.Kf3 Ke5
44.Bc6e8 g5
45.hxg5 hxg5
46.Be8d7 Kd4
47.Bd7xf5 Kxc4
48.Ke2 Kb3
49.Bf5e6 Kc3
50.Kd1 Bc5e3
51.Be6d7 Kb4
52.Kc2 Ka3
53.Kb1 a4
54.g4 Be3d4
55.Bd7e6 Kb4
{ nul }1/2-1/2

[Event "OAHU 2"]
[Site "www.echecsemail.com"]
[Date "2026.01.23"]
[Round "1"]
[White "Yab414"]
[Black "Woluwe1975"]
[WhiteElo "1640"]
[BlackElo "1660"]
[Result "0-1"]
1.e4 e5
2.Ng1f3 d6
3.Bf1c4 Bf8e7
4.O-O Ng8f6
5.Nb1c3 c6
6.d3 h6
7.a4 Qd8c7
8.a5 O-O
9.b4 Nb8a6
10.Bc4xa6 bxa6
11.Ra1b1 d5
12.h3 dxe4
13.dxe4 Bc8e6
14.Bc1a3 Be6c4
15.Rf1e1 Bc4b5
16.Qd1c1 Qc7b8
17.Nc3xb5 axb5
18.c4 a6
19.c5 Rf8d8
20.Ba3b2 Nf6d7
21.Bb2c3 f6
22.Nf3h4 Kf7
23.Nh4f5 Be7f8
24.Qc1d1 Nd7xc5
25.Qd1h5 Ke6
26.Qh5g4 Nc5d3
27.Nf5d4 Kf7
28.Re1e2 exd4
29.Bc3d2 Nd3e5
30.Qg4g3 d3
31.Bd2f4 dxe2
32.Bf4xe5 Rd8d1
33.Kh2 e1Q
34.Rb1xd1 Qb8xe5
35.Rd1xe1 Bf8d6
36.f4 Qe5xf4
37.Qg3xf4 Bd6xf4
38.g3 Bf4d2
39.Re1d1 Bd2xb4
40.Rd1d7 Kg6
41.Kg2 Bb4xa5
42.g4 Ra8e8
43.Kf3 Ba5b4
44.Rd7d4 c5
45.Rd4d6 Re8a8
46.h4 c4
47.Rd6c6 Bb4c3
48.h5 Kg5
49.Rc6c7 Ra8g8
50.Kg3 Bc3e5
{ abandon }0-1

[Event "Eq:au plaisir du jeux -O fou d hello :"]
[Site "www.echecsemail.com"]
[Date "2026.01.23"]
[Round "1"]
[White "Lancien57"]
[Black "Yab414"]
[WhiteElo "1510"]
[BlackElo "1630"]
[Result "1-0"]
1.e4 e5
2.Ng1f3 Nb8c6
3.Nb1c3 Ng8f6
4.d4 d6
5.d5 Nc6b4
6.Bc1d2 Bf8e7
7.a3 Nb4a6
8.Bf1e2 O-O
9.Be2d3 Bc8g4
10.h3 Bg4xf3
11.Qd1xf3 Na6c5
12.O-O Nc5xd3
13.cxd3 a6
14.Bd2g5 h6
15.Bg5xf6 Be7xf6
16.b4 b5
17.a4 Qd8d7
18.axb5 axb5
19.Qf3e3 Bf6g5
20.Qe3e2 c6
21.f3 Ra8a7
22.dxc6 Qd7xc6
23.Ra1xa7 Qc6b6
24.Kh2 Qb6xa7
25.Nc3xb5 Qa7d7
26.d4 Bg5f4
27.g3 Bf4g5
28.Rf1d1 Rf8b8
29.dxe5 Rb8xb5
30.Rd1xd6 Qd7b7
31.h4 Bg5e7
32.Rd6d4 Rb5xb4
33.Rd4xb4 Qb7xb4
34.Kh3 Qb4a4
35.f4 g6
36.g4 Kg7
37.g5 h5
38.Kg3 Qa4b3
39.Qe2f3 Qb3b6
40.f5 Qb6g1
41.Qf3g2 Qg1e3
42.Qg2f3 Qe3e1
43.Kh3 Qe1xe4
44.Qf3xe4 { abandon }1-0

[Event "Coupe Niveau 4"]
[Site "www.echecsemail.com"]
[Date "2026.01.23"]
[Round "1"]
[White "Alain64"]
[Black "Skalfa"]
[WhiteElo "2080"]
[BlackElo "1830"]
[Result "1-0"]
1.c4 Nb8c6
2.Nb1c3 Ng8f6
3.d4 d5
4.cxd5 Nf6xd5
5.e4 Nd5xc3
6.bxc3 e5
7.Bf1b5 exd4
8.cxd4 Bc8d7
9.Ng1f3 Qd8f6
10.O-O O-O-O
11.Bc1g5 Qf6g6
12.Bg5xd8 Kxd8
13.e5 Bd7h3
14.Nf3e1 Bf8b4
15.Qd1f3 Bh3g4
16.Qf3g3 Nc6xd4
17.Bb5d3 Bg4f5
18.Bd3xf5 Nd4xf5
19.Ra1d1 Kc8
20.Qg3xg6 hxg6
21.Ne1c2 Bb4c5
22.Rf1e1 c6
23.e6 fxe6
24.Re1xe6 Nf5e7
25.h3 Rh8f8
26.Nc2e3 Rf8f6
27.Re6e4 a5
28.Ne3g4 Rf6f7
29.Rd1d2 b5
30.Ng4e5 Kc7
31.Ne5xf7 { abandon }1-0

[Event "Défi"]
[Site "www.echecsemail.com"]
[Date "2026.01.23"]
[Round "1"]
[White "Christian"]
[Black "Jenperlatete"]
[WhiteElo "1920"]
[BlackElo "1910"]
[Result "1-0"]
1.e4 e5
2.Ng1f3 Ng8f6
3.Nf3xe5 Nf6xe4
4.Qd1e2 d5
5.d3 Nb8d7
6.Ne5xd7 Bc8xd7
7.dxe4 Qd8e7
8.exd5 O-O-O
9.Qe2xe7 Bf8xe7
10.Bf1d3 Be7d6
11.O-O f5
12.Rf1e1 f4
13.Nb1c3 a6
14.Nc3e4 Bd6e7
15.Bc1xf4 Bd7e8
16.Ne4g5 Be7xg5
17.Bf4xg5 Rd8xd5
18.Bg5f4 g6
19.Re1e7 Be8d7
20.Ra1e1 h6
21.Bd3xg6 h5
22.Re7e5 Rd5d4
23.g3 h4
24.Re5e7 hxg3
25.hxg3 Rh8g8
26.Bg6h7 Rg8f8
27.Re7g7 Kb8
28.Re1e7 Kc8
29.Bf4e3 Rd4d5
30.Rg7f7 Rd5d1
31.Kg2 Rf8h8
32.Rf7g7 Bd7c6
33.f3 Rh8f8
34.Rg7g8 Rd1d8
35.Rg8xf8 Rd8xf8
36.Be3f4 Bc6d7
37.Re7g7 b6
38.Rg7g8 Rf8xg8
39.Bh7xg8 c6
40.g4 b5
41.g5 Bd7e8
42.Kg3 Kd7
43.Kg4 Ke7
44.Bf4e3 Kf8
45.Bg8b3 Kg7
46.f4 a5
47.c3 a4
48.Bb3c2 Be8f7
49.a3 Bf7c4
50.Be3d4 Kf7
51.g6 Kg8
52.Kg5 Bc4b3
53.Bc2e4 { abandon }1-0

[Event "Eq:Les enfants de l Atlantide-O fou d hello :"]
[Site "www.echecsemail.com"]
[Date "2026.01.23"]
[Round "1"]
[White "Tjspret"]
[Black "Yab414"]
[WhiteElo "1770"]
[BlackElo "1620"]
[Result "1-0"]
1.e4 e5
2.Ng1f3 Nb8c6
3.Bf1c4 Bf8e7
4.O-O Ng8f6
5.d3 d6
6.Nb1c3 O-O
7.Bc1g5 Nf6h5
8.Bg5xe7 Nc6xe7
9.Nf3g5 Nh5f4
10.Qd1f3 Ne7g6
11.Qf3g3 h6
12.Ng5f3 Bc8d7
13.Rf1e1 a6
14.a3 b5
15.Bc4a2 h5
16.Nc3e2 Nf4xe2
17.Re1xe2 Ng6f4
18.Re2e3 Bd7g4
19.h3 Bg4xf3
20.gxf3 h4
21.Qg3g4 Nf4e2
22.Re3xe2 Qd8f6
23.c3 Qf6f4
24.Qg4xf4 exf4
25.d4 g5
26.e5 Kg7
27.exd6 cxd6
28.Re2e7 Ra8d8
29.Ra1e1 a5
30.Re7b7 b4
31.axb4 axb4
32.Rb7xb4 Kg6
33.Ba2d5 Kf5
34.Rb4b5 Kf6
35.b4 Rd8d7
36.Rb5b7 Rf8d8
37.Rb7xd7 Rd8xd7
38.b5 Rd7d8
39.b6 Rd8b8
40.b7 Kg7
41.Re1e7 Rb8f8
42.Re7c7 Rf8b8
43.Rc7c8 Rb8xb7
44.Bd5xb7 d5
45.Bb7xd5 f6
46.Rc8c7 Kg6
47.Bd5e4 f5
48.Rc7c6 Kf7
49.Be4xf5 Kg7
50.d5 { abandon }1-0

[Event "Défi( 10J+24H/c 10J Max )"]
[Site "www.echecsemail.com"]
[Date "2026.01.23"]
[Round "1"]
[White "Jeanluc88"]
[Black "Minon"]
[WhiteElo "2150"]
[BlackElo "1950"]
[Result "1-0"]
1.b3 b6
2.Bc1b2 Bc8b7
3.d4 g6
4.c4 Bf8g7
5.e3 e6
6.Ng1f3 Ng8e7
7.Bf1d3 d5
8.Nb1d2 f5
9.O-O O-O
10.Nf3g5 Bb7c8
11.Qd1c2 c5
12.Rf1e1 h6
13.Ng5f3 Nb8d7
14.Ra1d1 Rf8e8
15.dxc5 Bg7xb2
16.Qc2xb2 bxc5
17.Nf3e5 Nd7xe5
18.Qb2xe5 Ne7c6
19.Qe5g3 dxc4
20.Qg3xg6 Kf8
21.Nd2xc4 Qd8g5
22.Qg6h7 Qg5g7
23.Qh7xg7 Kxg7
24.Nc4d6 Re8e7
25.Bd3c4 Bc8d7
26.e4 Nc6d4
27.exf5 Kf6
28.fxe6 Bd7xe6
29.Nd6e4 Kg7
30.Ne4xc5 Ra8d8
31.Nc5xe6 Nd4xe6
32.Rd1xd8 Ne6xd8
33.Kf1 Re7xe1
34.Kxe1 Kf6
35.Ke2 Ke5
36.Ke3 Nd8c6
37.f4 Kf5
38.Bc4d3 Kf6
39.g4 Nc6a5
40.h4 Na5c6
41.g5 hxg5
42.hxg5 Kg7
43.a3 Nc6a5
44.Bd3c2 Na5b7
45.b4 Nb7d6
46.Bc2d3 Nd6f7
47.a4 Nf7d6
48.Kd4 Nd6b7
49.Ke5 Nb7d8
50.Bd3e4 Nd8f7
51.Ke6 Nf7d8
52.Kd7 Nd8f7
53.Be4d5 Nf7h8
54.f5 Kf8
55.b5 Kg7
56.a5 Kf8
57.b6 { abandon }1-0

[Event "Coupe Niveau 4"]
[Site "www.echecsemail.com"]
[Date "2026.01.23"]
[Round "1"]
[White "Elghribi"]
[Black "Carrighir"]
[WhiteElo "1920"]
[BlackElo "2120"]
[Result "1-0"]
1.e4 c5
2.Ng1f3 d6
3.d4 cxd4
4.Nf3xd4 Ng8f6
5.Nb1c3 Nb8c6
6.Bf1e2 e5
7.Nd4b3 Bf8e7
8.O-O Bc8d7
9.Bc1e3 Ra8c8
10.f3 O-O
11.Nc3d5 Rf8e8
12.c4 Be7f8
13.Qd1d2 Nc6e7
14.Nd5xf6 gxf6
15.Qd2xd6 Ne7f5
16.Qd6d2 Nf5xe3
17.Qd2xe3 a5
18.Kh1 a4
19.Nb3d2 Bd7e6
20.b3 Bf8c5
21.Qe3h6 Bc5d4
22.Ra1d1 Kh8
23.bxa4 Re8g8
24.Nd2b3 Rg8g6
25.Qh6h4 Qd8d7
26.Nb3xd4 exd4
27.Be2d3 Rc8g8
28.g3 Rg6g5
29.Qh4f4 Qd7d8
30.Rf1g1 Rg8g6
31.h4 Rg5h5
32.Kg2 f5
33.Kf2 fxe4
34.Bd3xe4 Rg6f6
35.Qf4d2 Be6xc4
36.Qd2xd4 Qd8xd4
37.Rd1xd4 Bc4xa2
38.Be4xb7 Rh5a5
39.Rg1a1 Ba2b3
40.Ra1a3 Bb3c2
41.Bb7e4 Bc2xe4
42.Rd4xe4 Kg7
43.f4 Rf6b6
44.g4 h6
45.Ke3 f5
46.gxf5 Ra5xf5
47.a5 Rb6a6
48.Re4e5 Kg6
49.Ke4 Rf5f6
50.h5 Kg7
51.f5 Rf6f7
52.Re5e6 Ra6a8
53.a6 Rf7a7
54.f6 Kf7
55.Kf5 Ra8g8
56.Re6e7 Ra7xe7
57.fxe7 Kxe7
58.a7 { abandon }1-0

[Event "Coupe Niveau 4"]
[Site "www.echecsemail.com"]
[Date "2026.01.23"]
[Round "1"]
[White "Verson"]
[Black "Domenico"]
[WhiteElo "1850"]
[BlackElo "1790"]
[Result "0-1"]
1.d4 d5
2.Ng1f3 Bc8f5
3.e3 e6
4.c4 Bf8e7
5.Qd1b3 b6
6.cxd5 exd5
7.Nb1c3 Ng8f6
8.Bf1e2 O-O
9.O-O Nb8d7
10.Nc3xd5 Nf6xd5
11.Bc1d2 Bf5e4
12.Ra1c1 Nd7f6
13.Nf3g5 c5
14.Ng5xe4 Nf6xe4
15.Rc1d1 Be7g5
16.dxc5 Ne4xc5
17.Qb3c2 Nd5f6
18.Bd2b4 Qd8c7
19.Be2f3 Ra8c8
20.Rd1c1 Qc7e5
21.Bb4xc5 Rc8xc5
22.Qc2d2 Rc5xc1
23.Rf1xc1 Nf6e4
24.g3 Ne4xd2
{ abandon }0-1

[Event "Eq:Avalon-O fou d hello :"]
[Site "www.echecsemail.com"]
[Date "2026.01.23"]
[Round "1"]
[White "Sierra117"]
[Black "Jyfsk"]
[WhiteElo "1660"]
[BlackElo "1790"]
[Result "1-0"]
1.e4 c5
2.Ng1f3 d6
3.d4 cxd4
4.Nf3xd4 Ng8f6
5.Nb1c3 e6
6.f3 Bf8e7
7.Bc1e3 O-O
8.Qd1d2 Bc8d7
9.g4 Nb8c6
10.O-O-O Nc6xd4
11.Qd2xd4 Bd7c6
12.Bf1e2 Qd8c7
13.h4 Rf8d8
14.g5 Nf6e8
15.Rh1g1 e5
16.Qd4d2 g6
17.h5 b5
18.hxg6 fxg6
19.f4 Ne8g7
20.f5 gxf5
21.g6 f4
22.Be3xf4 exf4
23.Qd2xf4 hxg6
24.Rg1xg6 Rd8f8
25.Qf4h6 Be7f6
26.Rd1h1 Bf6xc3
27.Qh6h8 Kf7
28.Rh1f1 { abandon }1-0

[Event "Eq:Royal Kids-Avalon :"]
[Site "www.echecsemail.com"]
[Date "2026.01.23"]
[Round "1"]
[White "Mick13"]
[Black "Regor"]
[WhiteElo "1790"]
[BlackElo "1980"]
[Result "0-1"]
1.e4 e5
2.Ng1f3 Nb8c6
3.d4 exd4
4.Nf3xd4 Bf8c5
5.Nd4f3 h6
6.a3 Qd8f6
7.Nb1c3 a6
8.Bf1c4 d6
9.h3 Ng8e7
10.O-O O-O
11.Bc1e3 Bc5a7
12.Nf3h2 Nc6e5
13.Bc4e2 Qf6g6
14.Kh1 f5
15.Be2h5 Qg6e6
16.Nc3d5 Qe6d7
17.b3 fxe4
18.Qd1d2 Ne7f5
19.Bh5g4 Ba7xe3
20.fxe3 Ne5xg4
21.Nh2xg4 Nf5g3
22.Kg1 Ng3xf1
23.Ra1xf1 Rf8xf1
24.Kxf1 Qd7f7
25.Ng4f2 Bc8f5
26.Nd5c3 Ra8e8
27.Ke1 Re8e6
28.h4 c6
29.g4 Bf5h7
30.h5 d5
31.Nc3a4 Qf7f6
32.c3 Re6e7
33.Na4c5 g6
34.Qd2d4 Qf6xd4
35.cxd4 gxh5
36.gxh5 Bh7f5
37.b4 Bf5c8
38.Nf2h1 Re7g7
39.Kf2 Rg7f7
40.Ke1 Rf7f3
41.Ke2 Kg7
42.Nc5b3 Rf3h3
43.Nh1f2 Rh3xh5
44.Nb3d2 Kf6
45.Nd2f1 Kg5
46.Nf1g3 Rh5h2
47.Kf1 Bc8h3
48.Nf2xh3 Rh2xh3
49.Kg2 Rh3h4
50.Ng3e2 h5
51.Kg3 Rh4g4
52.Kh2 h4
53.Ne2f4 Rg4xf4
54.exf4 Kxf4
{ abandon }0-1

[Event "Tournoi n27406"]
[Site "www.echecsemail.com"]
[Date "2026.01.23"]
[Round "1"]
[White "Tiounet"]
[Black "Aramis"]
[WhiteElo "1610"]
[BlackElo "1570"]
[Result "0-1"]
1.a3 e5
2.b4 Ng8f6
3.Bc1b2 d6
4.g3 c6
5.Bf1g2 Bf8e7
6.Ng1f3 h6
7.O-O O-O
8.c4 Bc8e6
9.d3 a6
10.Nb1c3 Nb8d7
11.a4 c5
12.bxc5 dxc5
13.Nf3d2 Ra8b8
14.Nd2e4 Nf6xe4
15.Bg2xe4 f5
16.Be4g2 Be7f6
17.a5 b6
18.axb6 Qd8xb6
19.Bb2a3 e4
20.Rf1e1 Bf6xc3
21.Ra1a2 Bc3xe1
22.Qd1xe1 exd3
23.exd3 Rf8e8
24.Qe1d1 Nd7e5
25.Ra2d2 Qb6c7
26.Ba3b2 Ne5g6
27.Bg2f3 Be6f7
28.Qd1c2 Rb8d8
29.Qc2c3 Bf7e6
30.Bf3h5 Qc7f7
31.Bb2a3 Rd8c8
32.Qc3a5 Rc8c6
33.Ba3xc5 Re8c8
34.Bc5d4 Kh7
35.Bd4e3 Qf7f6
36.Bh5f3 Rc6d6
37.Bf3b7 Rc8b8
38.Bb7xa6 f4
39.Be3b6 Rb8xb6
40.Ba6b5 Rb6b8
41.Qa5a7 Rb8d8
42.Qa7c7 fxg3
43.hxg3 Be6h3
44.c5 Rd6d5
45.Bb5c4 Rd5d7
46.Qc7a5 Qf6f3
47.Qa5a2 Qf3g2
0-1

[Event "Tetraktus 103"]
[Site "www.echecsemail.com"]
[Date "2026.01.23"]
[Round "1"]
[White "Skalfa"]
[Black "Bertelsen"]
[WhiteElo "1820"]
[BlackElo "1730"]
[Result "0-1"]
1.e4 e5
2.Ng1f3 d6
3.Nb1c3 Bf8e7
4.Bf1c4 h6
5.h3 Ng8f6
6.d3 O-O
7.O-O c6
8.a3 Nb8d7
9.Nc3e2 b5
10.Bc4a2 a5
11.c4 Qd8b6
12.Bc1e3 c5
13.Ra1b1 b4
14.axb4 axb4
15.Ba2b3 Bc8b7
16.Bb3a4 Nd7b8
17.b3 Nf6h7
18.Nf3h2 f5
19.f3 f4
20.Be3f2 h5
21.g3 g5
22.Kh1 Kh8
23.Rb1b2 Rf8g8
24.g4 Bb7c8
25.Kg2 h4
26.d4 exd4
27.Ne2xd4 Be7f6
28.Rb2d2 Bf6e5
29.Nd4b5 Rg8d8
30.Qd1e2 Bc8a6
31.Rf1d1 Ba6xb5
32.Ba4xb5 Nh7f8
33.Rd2d5 Nb8a6
34.Bb5a4 Na6c7
35.Rd5d3 Nf8e6
36.Nh2f1 Ne6d4
37.Qe2a2 Nc7e6
38.Nf1d2 Ra8a7
39.Rd1a1 Rd8a8
40.Bf2xd4 Ne6xd4
41.Ra1d1 Nd4e2
42.Nd2b1 Ne2g3
43.Rd3d2 Qb6b7
44.Qa2c2 Qb7g7
45.Qc2d3 Be5d4
46.Ba4c6 Ra8b8
47.Rd2c2 Ra7a1
48.Qd3d2 Rb8f8
49.Qd2e1 Rf8f7
50.Rd1d2 Bd4c3
51.Kf2 Bc3xd2
52.Rc2xd2 Qg7e5
53.Qe1d1 Rf7f6
54.Rd2d5 Ra1a2
55.Nb1d2 Qe5c3
56.Kg2 Ng3xe4
57.fxe4 f3
58.Kf2 Ra2a1
59.Nd2b1 Qc3b2
60.Qd1d2 Qb2xb1
61.Qd2xg5 Qb1g1
0-1

[Event "Défi"]
[Site "www.echecsemail.com"]
[Date "2026.01.23"]
[Round "1"]
[White "Patau"]
[Black "Gambitor"]
[WhiteElo "1690"]
[BlackElo "1540"]
[Result "1-0"]
1.e4 e6
2.d4 d5
3.exd5 exd5
4.h3 Ng8f6
5.Ng1f3 c5
6.Bf1b5 Bc8d7
7.Qd1e2 Qd8e7
8.Bb5xd7 Nb8xd7
9.Bc1g5 Qe7xe2
10.Kxe2 Nf6e4
11.Bg5e3 Bf8d6
12.Nb1d2 O-O
13.dxc5 Nd7xc5
14.Ra1d1 Ra8c8
15.Nf3d4 Rf8e8
16.Nd2f3 Ne4f6
17.Rh1e1 Bd6f4
18.Kf1 Bf4xe3
19.Re1xe3 Nc5e4
20.Nf3d2 Ne4xd2
21.Rd1xd2 Re8xe3
22.fxe3 Nf6e4
23.Rd2d3 Ne4g3
24.Ke1 Rc8e8
25.Nd4f3 Ng3f5
26.Kf2 Re8d8
27.Nf3d4 Nf5xd4
28.exd4 f5
29.Rd3e3 g6
30.Re3e7 Rd8b8
31.Re7d7 Rb8c8
32.c3 Rc8c4
33.Rd7xb7 Rc4a4
34.a3 g5
35.Rb7e7 h5
36.Re7e5 Ra4a6
37.Re5xf5 Ra6b6
38.Rf5xg5 Kf7
39.Rg5xd5 Rb6xb2
40.Kf3 Rb2b3
41.Rd5xh5 Rb3xc3
42.Ke4 Rc3xa3
43.g4 a5
44.Rh5h7 Kg6
45.Rh7a7 Kg5
46.d5 Ra3xh3
47.Ra7xa5 Kxg4
48.d6 Rh3h8
49.d7 Rh8d8
50.Ra5d5 Kh4
51.Ke5 Kg5
52.Ke6 Kg6
53.Ke7 Rd8xd7
54.Kxd7 Kf6
55.Rd5d1 Kf5
56.Rd1e1 Kf4
57.Kd6 Kf5
58.Re1e8 Kf4
59.Kd5 Kf3
60.Kd4 Kf2
61.Kd3 Kf3
62.Re8f8 Kg4
63.Ke3 Kg5
64.Ke4 Kg4
65.Rf8g8 Kh5
66.Kf4 Kh6
67.Kf5 Kh7
68.Rg8g1 Kh6
69.Rg1g2 Kh7
70.Kf6 Kh8
71.Kf7 { abandon }1-0

[Event "Coupe Niveau 5"]
[Site "www.echecsemail.com"]
[Date "2026.01.23"]
[Round "1"]
[White "Elghribi"]
[Black "Zax"]
[WhiteElo "1930"]
[BlackElo "2290"]
[Result "0-1"]
1.e4 d5
2.exd5 Qd8xd5
3.d4 Ng8f6
4.Ng1f3 Bc8g4
5.Bf1e2 Nb8c6
6.c3 O-O-O
7.O-O e6
8.Nb1d2 Bf8d6
9.h3 Bg4h5
10.Rf1e1 h6
11.Nd2f1 g5
12.Nf1g3 Bd6xg3
13.fxg3 g4
14.hxg4 Bh5xg4
15.Nf3h2 Bg4xe2
16.Qd1xe2 Rd8g8
17.Bc1f4 h5
18.Qe2f3 Qd5d7
19.Re1e2 Nf6g4
20.Nh2f1 h4
21.Nf1e3 Ng4xe3
22.Re2xe3 h3
23.Re3e2 hxg2
24.Re2xg2 f6
25.Ra1d1 Rh8h3
26.Rg2h2 Qd7h7
27.Rh2xh3 Qh7xh3
28.Kf2 e5
29.dxe5 fxe5
30.Bf4e3 Qh3h2
31.Qf3g2 Rg8f8
{ abandon }0-1

[Event "Tournoi n27412"]
[Site "www.echecsemail.com"]
[Date "2026.01.23"]
[Round "1"]
[White "Patau"]
[Black "Hermite"]
[WhiteElo "1700"]
[BlackElo "1560"]
[Result "1-0"]
1.e4 e5
2.Ng1f3 d6
3.d4 Nb8d7
4.dxe5 dxe5
5.Bf1c4 Bf8e7
6.O-O h6
7.Qd1d5 Nd7f6
8.Qd5xf7 Kd7
9.Rf1d1 { abandon }1-0

[Event "Tournoi n27369"]
[Site "www.echecsemail.com"]
[Date "2026.01.23"]
[Round "1"]
[White "Vb83"]
[Black "Aramis"]
[WhiteElo "1450"]
[BlackElo "1570"]
[Result "0-1"]
1.e4 e5
2.Ng1f3 d6
3.Bf1c4 Ng8f6
4.d3 Bf8e7
5.O-O O-O
6.Nb1c3 Bc8g4
7.h3 Bg4xf3
8.Qd1xf3 c6
9.b4 b5
10.Bc4b3 Nb8d7
11.a4 Qd8c8
12.a5 a6
13.Bc1g5 h6
14.Bg5xf6 Nd7xf6
15.Ra1d1 Ra8a7
16.d4 exd4
17.Rd1xd4 Nf6h7
18.e5 dxe5
19.Rd4e4 Nh7g5
20.Qf3e2 Ng5xe4
21.Nc3xe4 Be7xb4
22.c3 Bb4xa5
23.Qe2f3 Qc8d8
24.Rf1d1 Qd8e7
25.Ne4d6 Ba5c7
26.Nd6f5 Qe7f6
27.Rd1d7 Bc7b8
28.Nf5e7 Kh8
29.Qf3xf6 gxf6
30.Rd7xa7 Bb8xa7
31.Ne7xc6 Ba7b6
32.Nc6b4 a5
33.Nb4c6 a4
34.Bb3a2 Kg7
35.Nc6b4 Rf8c8
36.Nb4d5 Bb6c5
37.Kh2 Bc5xf2
38.Nd5e7 Rc8xc3
39.Ne7f5 Kg6
40.Nf5d6 Rc3c5
41.Ba2xf7 Kg7
42.Bf7h5 a3
43.Nd6e4 Rc5c1
44.Ne4xf2 a2
45.Nf2d3 Rc1c3
46.Nd3b4 a1Q
{ abandon }0-1

[Event "Défi( 10J+24H/c 10J Max )"]
[Site "www.echecsemail.com"]
[Date "2026.01.23"]
[Round "1"]
[White "Sylvia13"]
[Black "Sam"]
[WhiteElo "1580"]
[BlackElo "1670"]
[Result "1-0"]
1.e4 e5
2.Bf1c4 Bf8c5
3.Ng1f3 Nb8c6
4.d3 Ng8f6
5.Bc1g5 O-O
6.O-O d6
7.Nb1c3 Bc8g4
8.h3 Bg4xf3
9.Qd1xf3 Nc6d4
10.Qf3d1 Nd4e6
11.Bg5e3 Bc5xe3
12.fxe3 Nf6d7
13.Bc4d5 Qd8g5
14.Qd1f3 c6
15.Bd5b3 Ne6c5
16.Bb3xf7 Kh8
17.Qf3e2 Qg5e7
18.Qe2h5 Nd7f6
19.Qh5h4 Qe7xf7
20.Rf1f3 Qf7g6
21.Qh4f2 d5
22.exd5 cxd5
23.Nc3xd5 e4
24.Nd5f4 Qg6g5
25.Rf3g3 Qg5h4
26.Ra1f1 exd3
27.Nf4xd3 Nc5xd3
28.cxd3 Ra8c8
29.e4 Rc8d8
30.Qf2e3 Nf6h5
31.Rg3g4 Qh4e7
32.d4 Rf8xf1
33.Kxf1 Qe7b4
34.Rg4h4 Qb4c4
35.Ke1 g6
36.e5 Qc4xa2
37.Qe3c3 Qa2b1
38.Kd2 Qb1g1
39.Rh4g4 Qg1f2
40.Kd1 Nh5f4
41.Qc3f3 Qf2xd4
42.Ke1 Qd4xb2
43.Rg4xf4 Qb2d2
44.Kf1 Rd8e8
45.Rf4f8 Re8xf8
46.Qf3xf8 1-0

[Event "Memorial Lara CIII"]
[Site "www.echecsemail.com"]
[Date "2026.01.23"]
[Round "1"]
[White "Intrigue"]
[Black "Rvsinovitch"]
[WhiteElo "1760"]
[BlackElo "2030"]
[Result "0-1"]
1.e4 c6
2.Ng1f3 d5
3.exd5 cxd5
4.d4 Nb8c6
5.Bf1b5 a6
6.Bb5d3 Qd8c7
7.O-O Bc8g4
8.Bc1e3 e5
9.dxe5 Nc6xe5
10.Bd3e2 Ne5xf3
11.Be2xf3 Bg4xf3
12.Qd1xf3 Ng8f6
13.c3 Bf8d6
14.h3 O-O
15.Nb1d2 Rf8e8
16.Rf1e1 Nf6e4
17.Nd2xe4 Re8xe4
18.Be3d4 Ra8e8
19.Re1xe4 Re8xe4
20.Kf1 Qc7c4
21.Kg1 b5
22.b3 Qc4c7
23.g3 Qc7e7
24.Kg2 h6
25.a4 b4
26.Qf3f5 bxc3
27.Bd4xc3 Bd6e5
28.Bc3xe5 Re4xe5
29.Qf5c8 Kh7
30.Qc8xa6 Re5e2
31.Ra1f1 Qe7e4
32.Kg1 d4
33.a5 d3
34.Qa6c4 Qe4xc4
35.bxc4 d2
36.a6 Re2e1
37.a7 Re1xf1
38.Kxf1 d1Q
39.Kg2 Qd1a4
{ abandon }0-1

[Event "ZGOUGOU"]
[Site "www.echecsemail.com"]
[Date "2026.01.23"]
[Round "1"]
[White "Mindthegap"]
[Black "Legrillon"]
[WhiteElo "1440"]
[BlackElo "1740"]
[Result "0-1"]
1.e4 e5
2.Ng1f3 Nb8c6
3.Nb1c3 Ng8f6
4.Bf1c4 h6
5.O-O Bf8b4
6.a3 Bb4xc3
7.dxc3 O-O
8.Bc1d2 d6
9.Rf1e1 a6
10.b4 b5
11.a4 bxc4
12.h4 Bc8g4
13.b5 axb5
14.axb5 Nc6e7
15.Ra1xa8 Qd8xa8
16.Qd1a1 Bg4xf3
17.Qa1xa8 Rf8xa8
18.gxf3 Ne7g6
19.Bd2e3 Ng6xh4
{ abandon }0-1

[Event "ZGOUGOU"]
[Site "www.echecsemail.com"]
[Date "2026.01.23"]
[Round "1"]
[White "Intrigue"]
[Black "Mindthegap"]
[WhiteElo "1760"]
[BlackElo "1440"]
[Result "1-0"]
1.e4 e5
2.Ng1f3 Nb8c6
3.Nb1c3 Ng8f6
4.Bf1c4 Nf6xe4
5.O-O Ne4xc3
6.bxc3 h6
7.d4 d5
8.Bc4b5 e4
9.Nf3e5 Bc8d7
10.Ne5xd7 Qd8xd7
11.Rf1e1 Bf8d6
12.a4 a6
13.Bb5e2 O-O-O
14.Bc1a3 Rh8e8
15.Ba3xd6 cxd6
16.h3 Re8e6
17.Be2g4 f5
18.Bg4xf5 Rd8f8
19.Bf5xe6 Qd7xe6
20.Ra1b1 Qe6f6
21.Re1e2 e3
22.f3 Nc6a5
23.Re2xe3 Na5c4
24.Re3e2 Qf6g5
25.Qd1c1 h5
26.Qc1xg5 { abandon }1-0

[Event "Défi"]
[Site "www.echecsemail.com"]
[Date "2026.01.23"]
[Round "1"]
[White "Riothamus"]
[Black "Khamis"]
[WhiteElo "1690"]
[BlackElo "1830"]
[Result "0-1"]
1.d4 d5
2.c4 c6
3.Nb1c3 Ng8f6
4.Bc1f4 Bc8f5
5.e3 e6
6.c5 Bf8e7
7.Ng1f3 O-O
8.Bf1e2 h6
9.Be2d3 Nf6e4
10.Nc3xe4 dxe4
11.Bd3c4 exf3
12.Qd1xf3 Qd8a5
13.Ke2 Qa5a4
14.b3 Qa4a3
15.Qf3g3 Kh8
16.Bf4e5 f6
17.Be5f4 Qa3b2
18.Kf3 Qb2c2
19.Qg3h4 Bf5e4
20.Kg3 e5
21.Bf4xh6 gxh6
22.Qh4xh6 Be4h7
23.Rh1d1 Qc2g6
24.Qh6xg6 Bh7xg6
25.Bc4e6 Bg6f7
26.Be6f5 Rf8g8
27.Kf3 Nb8a6
28.h4 Ra8d8
29.Rd1h1 exd4
30.h5 dxe3
31.Kxe3 Na6b4
32.g3 Be7xc5
33.Kf3 Rd8e8
34.h6 Bf7d5
35.Kf4 Bd5xh1
36.Ra1xh1 Bc5xf2
37.Rh1h3 Re8e3
38.h7 Nb4d5
0-1

[Event "XERTIGNY  VOSGES"]
[Site "www.echecsemail.com"]
[Date "2026.01.23"]
[Round "1"]
[White "4x4"]
[Black "Casisimed"]
[WhiteElo "1460"]
[BlackElo "1620"]
[Result "0-1"]
1.e4 e5
2.Ng1f3 Ng8f6
3.Bf1c4 d6
4.d3 Bf8e7
5.Nf3g5 O-O
6.Nb1c3 Bc8g4
7.f3 Bg4h5
8.g4 Bh5g6
9.Bc1e3 Nb8c6
10.Nc3d5 h6
11.Ng5h3 Nc6d4
12.Be3xd4 c6
13.Nd5xf6 Be7xf6
14.a3 exd4
15.Nh3f4 Kh7
16.Nf4xg6 fxg6
17.f4 b5
18.Bc4b3 a5
19.h4 Bf6xh4
20.Ke2 Rf8xf4
21.Qd1d2 Rf4f2
22.Ke1 Rf2xd2
23.Kxd2 Bh4g5
24.Ke2 c5
25.Bb3d5 Ra8c8
26.Ra1f1 c4
27.dxc4 bxc4
28.c3 dxc3
29.bxc3 Qd8b6
30.Kf3 Qb6e3
31.Kg2 Qe3xc3
32.Rf1f3 Qc3d2
33.Kg3 c3
34.Rf3f1 c2
35.Rf1f2 c1Q
36.Rh1xc1 Qd2xc1
37.Bd5e6 Rc8c3
38.Rf2f3 Rc3xf3
39.Kxf3 Qc1c3
40.Ke2 Qc3e3
41.Kf1 Qe3xa3
42.Be6d5 Qa3h3
43.Ke2 Qh3xg4
44.Kd3 Qg4d1
45.Kc4 Qd1a4
46.Kc3 Bg5f6
47.Kd3 Qa4d4
48.Ke2 g5
49.Kf3 Kg6
50.Bd5e6 h5
51.Be6f5 Kf7
52.Bf5d7 g4
53.Kf4 g5
54.Kf5 Qd4e5
0-1

[Event "Défi"]
[Site "www.echecsemail.com"]
[Date "2026.01.23"]
[Round "1"]
[White "Kaspy"]
[Black "Superman"]
[WhiteElo "1810"]
[BlackElo "1810"]
[Result "1/2-1/2"]
1.e3 d5
2.d4 Ng8f6
3.h3 Bc8f5
4.Ng1f3 Nb8d7
5.Nb1c3 e6
6.a3 c5
7.Bf1e2 cxd4
8.exd4 Bf8d6
9.Bc1e3 O-O
10.O-O b6
11.Nc3b5 Bd6c7
12.Nb5xc7 Qd8xc7
13.c3 h6
14.Nf3h4 Bf5h7
15.Be2d3 Nf6e4
16.Qd1c2 Nd7f6
17.Nh4f3 Rf8c8
18.Nf3e5 a6
19.Ra1c1 b5
20.Be3d2 Ne4xd2
21.Qc2xd2 Bh7xd3
22.Qd2xd3 Qc7e7
23.f4 Nf6e4
24.f5 Qe7g5
25.fxe6 fxe6
26.Rc1d1 Rc8f8
27.Rf1xf8 Ra8xf8
28.Rd1f1 Rf8xf1
29.Qd3xf1 Qg5e3
30.Kh2 Qe3g3
31.Kg1 Ne4d2
32.Qf1f7 Kh7
33.Qf7xe6 Qg3e3
34.Kh1 Qe3e1
35.Kh2 Nd2f1
36.Kg1 Nf1e3
37.Kh2 Qe1f2
38.Qe6g6 Kg8
39.Ne5d7 Qf2f4
40.Kg1 Qf4f1
41.Kh2 Qf1f4
42.Kg1 Qf4f1
{ nul }1/2-1/2